| 000 | 00870nam a22001932i 4500 | ||
|---|---|---|---|
| 001 | 156669 | ||
| 003 | ES-MaACL | ||
| 005 | 20230906210452.0 | ||
| 008 | 940805s1859 fr |||| | fre d | ||
| 080 | _a616 | ||
| 100 | 1 |
_aKoth, Carlos. _9128483 |
|
| 245 | 1 | 0 |
_aRéhabilitation de la chirurgie dentaire : _bprothèse, science et prophylaxie qui en dérivent : ouvrage utile à tout le monde / _cpar le Dr. Carlos Koth. |
| 260 |
_aParis : _b[s.n.], _c1859 ( _fImp. d'Aubusson et Kugelmann) |
||
| 300 |
_aIII, 134 p. ; _c15 cm. |
||
| 650 | 4 |
_aOdontología. _915690 |
|
| 650 | 4 |
_aDientes- _xExtracción. _9135925 |
|
| 852 | 4 |
_aES-MaACL _jT-117-F-1 |
|
| 852 | 4 |
_aES-MaACL _jT-408-F-3 _z- Enc. hol., falto de cub. original _z- Enc. en un vol. facticio _z- Regalo de G. Sáenz Díez _z- Dedicatoria ms. de Vélez Sánchez a la Biblioteca de los Escolares Médicos, 1876 |
|
| 999 |
_c156669 _d156669 |
||